MDQL
is popping MORE tags! Check the
thread
!
Quizzes
Events
Quiz Creation
Community
Videos
Private Events
Remove Ads
Sign In
Join for FREE
Feedback
Dark Mode
Quiz Categories
Sports
Geography
Music
Movies
Television
Just For Fun
Miscellaneous
History
Literature
Language
Science
Gaming
Entertainment
Religion
Holiday
For Kids
Quiz Lab
Recent
Popular Today
Quiz Kudos Today
Editor Picks
Curator Picks
Quizzes by...
Day
Popularity
Type
Ratings
Length
Year
Community
Subscriptions
Recent Discussions
Orange Saloon
Badges
Playlists
Quests
Create
Leaderboards
Showdown
Live 5
Trivia Bingo
Activity
Puzzle Library
Sporcle Events
Private Events
Virtual Trivia
Globe League
Become a Host
Pub Owners
SporcleCon
Opinionation
Our Games
Videos
Blog
Mobile Apps
Partnerships
Remove Ads and Go Orange
Feedback
Movies
Disney
Marvel Cinematic Universe
Movie Resume
Movie Titles
Oscar
Actor
Actress
Director
Pixar
Role
Movie Quotes
Movie Characters
Box Office
Nominee
Best Picture
Star Wars
James Bond
Horror Movies
Movies
Disney
Marvel Cinematic Universe
Movie Resume
Movie Titles
Oscar
Actor
Actress
Director
Pixar
Role
Movie Quotes
Movie Characters
Box Office
Nominee
Best Picture
Star Wars
James Bond
Horror Movies
Random Quiz
Search Sporcle
×
Quiz Lab
Quiz Lab
Movies
Actor
Type in answers that appear in a list
Type in answers that appear in a list
Classic
Best Score? Go Orange.
Famous Actors as Famous Superhero Stats
Name the actor that played the character
By
ravencat34
20m
47 Questions
31 Plays
31 Plays
31 Plays
Comments
Comments
Give Quiz Kudos
Give Quiz Kudos
-
- Ratings
hide this ad
More Info
Replay
Link that replays current quiz
Next Quiz
Link to next quiz in quiz playlist
You Got
0%
They Got
Avg Score
52%
Avg Friend Score
Upgrade to see
Score Distribution
Jump to the score distribution portion of the page
Score
0/47
Timer
20:00
0
Plays Today
Character
Actor
% Correct
Batman/
Daredevil
Ben Affleck
90.3%
Captain America/
Human Torch
Chris Evans
80.6%
Thor
Chris Hemsworth
77.4%
Mr Freeze
Arnold Schwarzenegger
74.2%
Riddler
Jim Carrey
71%
Wolverine
Hugh Jackman
71%
Iron Man
Robert Downey Jr
71%
Star Lord
Chris Pratt
67.7%
Batman
Christian Bale
67.7%
Joker
Heath Ledger
67.7%
Charles Xavier
Patrick Stewart
67.7%
Penguin
Danny Devito
64.5%
Hulk
Mark Ruffalo
64.5%
Deadpool/
Green Lantern
Ryan Reynolds
64.5%
Hulk
Edward Norton
61.3%
Batman
Michael Keaton
61.3%
Rocket Raccoon
Bradley Cooper
58.1%
Robin
Chris O'Donnell
58.1%
Batman
George Clooney
58.1%
Charles Xavier
James McAvoy
58.1%
Nick Fury
Samuel L Jackson
58.1%
Spiderman
Tobey Maguire
58.1%
Batman
Val Kilmer
54.8%
Iron Patriot/
War Machine
Don Cheadle
51.6%
Character
Actor
% Correct
Hawkeye
Jeremy Renner
51.6%
Alfred
Michael Caine
51.6%
Two Face
Tommy Lee Jones
51.6%
Groot
Vin Diesel
51.6%
Lex Luthor
Gene Hackman
48.4%
Harry Osborn
James Franco
48.4%
Lex Luthor
Jesse Eisenberg
48.4%
Beast
Kelsey Grammer
44.4%
Alfred
Jeremy Irons
44.4%
Superman
Christopher Reeves
41.9%
Electro
Jamie Foxx
41.9%
Jonathan Kent
Kevin Costner
41.9%
Jor-
El
Marlon Brando
41.9%
Drax
Dave Bautista
38.7%
J Jonah Jameson
J.K. Simmons
38.7%
Uncle Ben Parker
Martin Sheen
38.7%
Jor-
El
Russell Crowe
35.5%
Casey Jones/
Green Arrow
Stephen Amell
32.3%
Perry White
Laurence Fishburne
29%
Comissioner Gordon
Ben McKenzie
19.4%
Joker
Mark Hamill
19.4%
Joker
Jack Nicolson
16.1%
Vernon Fenwick
Will Arnett
16.1%
Quiz Playlist
Details
Report
Send in Message
Add To Playlist
More Info:
Actors are in alphabetical order.
Classic:
Type in answers that appear in a list
Last Updated: Mar 25, 2017
Quiz Scoreboard
CHALLENGE
Sign Up to Join the Scoreboard
Show All
Scores
Hide
Comments
May contain spoilers
Recently Published
5x2 Blitz: Bands
by SL_Kpop136
Music
30s
Colored Red Africa Blitz
by spor1
Geography
30s
Find the 'City' Movie
by crazypaving
Movies
60s
More to Explore
Quiz From the Vault
Featured Blog Post
14 Easter Pick-up Lines to Find Eggs With
hide this ad
You Might Also Like...
Tags
Actor Quiz
Famous Quiz
Superhero Quiz
Character
Today's Top Quizzes in Movies
Browse Movies
hide this ad
Today's Top Quizzes in Actor
Browse Actor
Top Contributed Quizzes in Movies
1
Find The 'Big' Movie
2
Find The 'Wild' Movie
3
Find The 'Blue' Movie
4
Movies By Plot
5
Hidden Star Wars Character II
6
Hidden Star Wars Character III
7
Pick 5 Posters: Directed by Spielberg
8
Hidden Star Wars Character IV
9
Alfred Hitchcock Movies by Plot
10
Hidden Star Wars Character V
Explore More
Trending Topics
Crossword
Anime
Harry Potter
Disney
Kpop
NBA
Marvel
Country
WWE
NFL
Puzzle
The Office
Song
Soccer
Pokémon
hide this ad
More By:
ravencat34
Quiz
Plays
Rating
Category
Featured
Created
WWE & Universal Champion
524
1.40
Entertainment
May 12, 2017
NXT
521
1.25
Entertainment
Jan 9, 2017
WWE 2K
516
1.00
Gaming
Dec 28, 2016
WWE Supercard
486
1.00
Gaming
Apr 27, 2017
WWE Becky Lynch
481
1.00
Entertainment
Jan 5, 2017
Go to Creator's Profile
Score Distribution
Quiz Creator Spotlight
ravencat34
Follow
Send a Message
Quizzes Created
-
Created Quiz Play Count
-
More By This Creator
Popular Quizzes Today
1
Colored Red Africa Blitz
2
Find the 'City' Movie
3
Find the US States - No Outlines Minefield
4
5x2 Blitz: Bands
5
The Countries of the World
6
Find the US States
7
US States
8
9x9 Crossword: Cartoon Network
More Movies Quizzes
Click the A Actress Movie - Level 1
Quiz Lab
Trending Quizzes
Colored Red Europe Blitz I
Colored Red Europe Blitz II
Colored Red Africa Blitz II
Colored Red Europe Blitz III
Colored Red Africa Blitz III
Recently Updated
How Do You Spell That?
pecheneg
Godzilla Movies
pecheneg
Grab Bag: 4-10 Letters
pecheneg
2024 March Madness Bracket
pecheneg
Famous TV Couples
Peacemaker
Champions League XIs: Real Madrid
pecheneg
Largest US Cities 1790-2010
pecheneg
Rides in Walt Disney World
pecheneg
Most Oscar Losses (Acting)
pecheneg
Beyoncé Albums
pecheneg
Trending Topics
NBA
Harry Potter
Kpop
Marvel
Disney
Crossword
Anime
Song
Pokémon
Country
Soccer
Puzzle
WWE
NFL
The Office
Your Account Isn't Verified!
In order to create a playlist on Sporcle, you need to verify the email address you used during registration. Go to your
Sporcle Settings
to finish the process.
Report this User
Report this user for behavior that violates our
Community Guidelines
.
Details:
Send Report
Go to the Sporcle.com Mobile Site →
Comments